000 00363nam a2200133Ia 4500
003 GCL
008 140319s9999 xx 000 0 ara d
040 _aGCL /
_cGCL
082 0 4 _a227
_bم س
245 1 0 _aسورة الحجرات دراسة تحليلية
260 _a[S.N] :
_bمطبعة الحسين الاسلامية ،
_c1990
300 _a24 ص
490 _a
999 _c35583
_d35583